[Event "DEM U10 2012"]
[Site "Oberhof GER"]
[Date "2012.05.28"]
[Round "4"]
[White "Kück, Artur"]
[Black "Haag, Lea"]
[Result "0-1"]
[Termination "normal"]
[Board "25"]
[WhiteElo "1212"]
[BlackElo "1011"]
[PlyCount "104"]
[WhiteFideId "12965120"]
[EventCountry "GER"]
[EventRounds "11"]
[EventType "swiss"]
[EventDate "2012.05.26"]

1. c4 c5 2. Nc3 Nc6 3. g3 g6 4. Bg2 Bg7 5. e3 e6 6. Nge2 Nge7 7. b3 d5 8. cxd5
Nxd5 9. Bb2 b6 10. O-O O-O 11. f4 Nxc3 12. Nxc3 Bb7 13. Rc1 Re8 14. Re1 b5 15.
Ba1 a6 16. Ne4 Nb4 17. Nxc5 Bxg2 18. Kxg2 Bf8 19. d4 Bxc5 20. Rxc5 Nxa2 21. Qd2
Qd6 22. Qxa2 Rac8 23. Rec1 Rxc5 24. Rxc5 f5 25. Qc2 Rd8 26. b4 Kg7 27. Rc7+ Kg8
28. Qc5 Qxc5 29. Rxc5 Kg7 30. d5+ Kf7 31. dxe6+ Kxe6 32. Bd4 Rd5 33. Rxd5 Kxd5
34. Kf2 Kc4 35. Bc5 a5 36. Bd4 Kxb4 37. Ke2 Kb3 38. Kd2 Ka2 39. Kc2 b4 40. Be5
a4 41. Bb2 b3+ 42. Kc1 a3 43. Bxa3 Kxa3 44. Kb1 h6 45. g4 b2 46. gxf5 gxf5 47.
h4 h5 48. e4 fxe4 49. f5 e3 50. f6 e2 51. Kc2 e1=Q 52. f7 b1=Q# 0-1

[Event "DEM U10 2012"]
[Site "Oberhof GER"]
[Date "2012.05.28"]
[Round "4"]
[White "Petrow, Jonas"]
[Black "Yankelevich, Michael"]
[Result "0-1"]
[Termination "normal"]
[Board "26"]
[WhiteElo "1067"]
[BlackElo "1718"]
[PlyCount "82"]
[WhiteFideId "12991805"]
[BlackFideId "12921440"]
[EventCountry "GER"]
[EventRounds "11"]
[EventType "swiss"]
[EventDate "2012.05.26"]

1. e4 d5 2. exd5 Qxd5 3. Nc3 Qe5+ 4. Be2 c6 5. Nf3 Qc7 6. O-O Bf5 7. d4 e6 8.
Be3 Bd6 9. Re1 Nf6 10. h3 Nbd7 11. Qd2 O-O-O 12. Ng5 Nb6 13. Bd3 Bxd3 14. Qxd3
h6 15. Nge4 Nxe4 16. Nxe4 Nd5 17. Nxd6+ Qxd6 18. Rad1 Nxe3 19. Rxe3 Rd7 20. Qa3
Qxa3 21. Rxa3 Kb8 22. c4 Rf8 23. Rad3 c5 24. d5 Kc7 25. a3 a5 26. Kf1 Re8 27.
dxe6 Rxd3 28. Rxd3 Rxe6 29. Re3 Rxe3 30. fxe3 Kd6 31. Kf2 Ke5 32. Kf3 Kf5 33.
g4+ Ke5 34. a4 b6 35. b3 g5 36. Ke2 Ke4 37. Kf2 Kd3 38. Kf3 Kc3 39. Kg3 Kxb3
40. e4 Kxc4 41. h4 Kd3 0-1

[Event "DEM U10 2012"]
[Site "Oberhof GER"]
[Date "2012.05.28"]
[Round "4"]
[White "Finke, Daniel"]
[Black "Mertens, Yannick"]
[Result "0-1"]
[Termination "normal"]
[Board "27"]
[WhiteElo "989"]
[BlackElo "1701"]
[PlyCount "82"]
[WhiteFideId "16217675"]
[BlackFideId "12947865"]
[EventCountry "GER"]
[EventRounds "11"]
[EventType "swiss"]
[EventDate "2012.05.26"]

1. d4 e6 2. e3 d5 3. Bd3 c5 4. c3 Nc6 5. f4 Nf6 6. Nf3 cxd4 7. cxd4 Be7 8. Nbd2
Nb4 9. Be2 Qc7 10. a3 Nc2+ 11. Kf2 Nxa1 12. Bd3 O-O 13. Re1 Bd7 14. Kg1 Rac8
15. Ne5 Bd6 16. Nxd7 Qxd7 17. g3 Qc6 18. b4 Nc2 19. Re2 Nxe3 20. Rxe3 Qxc1 21.
Qxc1 Rxc1+ 22. Nf1 Rc7 23. Nd2 Rfc8 24. Nb3 Nd7 25. Kg2 Nb6 26. Kf3 Rd7 27. f5
Re7 28. fxe6 Rxe6 29. Rxe6 fxe6 30. Na5 Rc7 31. h4 Nc4 32. Nb3 e5 33. Ke2 Re7
34. a4 exd4+ 35. Kf2 Bxb4 36. Kg2 Re3 37. Bc2 Re2+ 38. Kh3 Rxc2 39. Nxd4 Rf2
40. g4 Bd6 41. g5 Ne3 0-1

[Event "DEM U10 2012"]
[Site "Oberhof GER"]
[Date "2012.05.28"]
[Round "4"]
[White "Gazizov, Max"]
[Black "Vaintroub, Maximilian"]
[Result "0-1"]
[Termination "normal"]
[Board "28"]
[WhiteElo "1009"]
[BlackElo "1302"]
[PlyCount "52"]
[WhiteFideId "12951323"]
[BlackFideId "12942510"]
[EventCountry "GER"]
[EventRounds "11"]
[EventType "swiss"]
[EventDate "2012.05.26"]

1. e4 c5 2. d4 cxd4 3. c3 dxc3 4. Nxc3 Nc6 5. Nf3 g6 6. Bc4 Bg7 7. Qc2 Nf6 8.
Bf4 O-O 9. O-O d6 10. Rfd1 Qb6 11. a3 Bg4 12. Be2 Bxf3 13. Bxf3 Nd4 14. Qd2 Nb3
15. Be3 Nxd2 16. Bxb6 Nxf3+ 17. gxf3 axb6 18. Rab1 Rac8 19. Rdc1 Nh5 20. Kg2
Nf4+ 21. Kg3 Bxc3 22. Kxf4 Bd2+ 23. Kg4 Rxc1 24. Rxc1 Bxc1 25. b4 Bxa3 26. b5
f5+ 0-1

[Event "DEM U10 2012"]
[Site "Oberhof GER"]
[Date "2012.05.28"]
[Round "4"]
[White "Bürmann, Theresia"]
[Black "Könze, Heike"]
[Result "0-1"]
[Termination "normal"]
[Board "30"]
[WhiteElo "981"]
[BlackElo "1172"]
[PlyCount "70"]
[WhiteFideId "12960241"]
[BlackFideId "12964476"]
[EventCountry "GER"]
[EventRounds "11"]
[EventType "swiss"]
[EventDate "2012.05.26"]

1. e4 d5 2. exd5 Qxd5 3. Nc3 Qd6 4. Nf3 Nf6 5. Bc4 Bg4 6. h3 Bh5 7. g4 Bg6 8.
g5 Nh5 9. d4 c6 10. Be3 e6 11. Qd2 Be7 12. O-O-O O-O 13. Bd3 b5 14. Bxg6 fxg6
15. Ne4 Qd5 16. Ne5 Qxe4 17. Qa5 Bd8 18. Qb4 Qd5 19. Nd3 a5 20. Qc3 Qxa2 21. b3
Qa3+ 22. Kd2 Qd6 23. Nc5 Qd5 24. b4 axb4 25. Qxb4 Be7 26. Ra1 Na6 27. Qa3 Bxc5
28. Qc3 Bb4 29. Qxb4 Nxb4 30. Rab1 c5 31. f4 Rab8 32. Bf2 Nxf4 33. c3 Nbd3 34.
Be3 Qa2+ 35. Kd1 Qe2# 0-1

[Event "DEM U10 2012"]
[Site "Oberhof GER"]
[Date "2012.05.28"]
[Round "4"]
[White "Oganessjan, Artur"]
[Black "Feil, Alexander"]
[Result "0-1"]
[Termination "normal"]
[Board "31"]
[WhiteElo "961"]
[BlackElo "1162"]
[PlyCount "90"]
[WhiteFideId "12986062"]
[BlackFideId "4002954"]
[EventCountry "GER"]
[EventRounds "11"]
[EventType "swiss"]
[EventDate "2012.05.26"]

1. d4 d5 2. c4 dxc4 3. e4 Nf6 4. Nc3 Nc6 5. Nf3 Bg4 6. Bxc4 Bxf3 7. gxf3 Qxd4
8. Qxd4 Nxd4 9. Bd3 Nxf3+ 10. Kd1 e5 11. Be3 O-O-O 12. Kc2 Ng4 13. Bxa7 b6 14.
Ba6+ Kd7 15. Rad1+ Ke8 16. Rxd8+ Kxd8 17. Rd1+ Nd4+ 18. Kb1 Nxf2 19. Rd2 Ng4
20. Nb5 Bc5 21. a3 Nf6 22. Nc3 Ke7 23. Bd3 Ra8 24. Bxb6 cxb6 25. Nd5+ Nxd5 26.
exd5 Nb3 27. Rd1 h5 28. Bc4 Nd4 29. b4 b5 30. Bxb5 Nxb5 31. bxc5 Nc3+ 32. Kc2
Nxd1 33. Kxd1 Rxa3 34. d6+ Kd7 35. Ke2 Kc6 36. Kd2 Kxc5 37. d7 Ra8 38. Ke3 Rd8
39. Ke4 Rxd7 40. Kxe5 Rd4 41. h4 Ra4 42. Kf5 Kd5 43. Kg5 Ke4 44. Kxh5 Kf3 45.
Kg5 Ra5# 0-1

[Event "DEM U10 2012"]
[Site "Oberhof GER"]
[Date "2012.05.28"]
[Round "4"]
[White "Pantsernaya, Sofya"]
[Black "Lindow, Max"]
[Result "0-1"]
[Termination "normal"]
[Board "32"]
[WhiteElo "953"]
[BlackElo "1128"]
[PlyCount "72"]
[WhiteFideId "12993182"]
[BlackFideId "16211057"]
[EventCountry "GER"]
[EventRounds "11"]
[EventType "swiss"]
[EventDate "2012.05.26"]

1. e4 e5 2. Nf3 Nc6 3. Bc4 Bc5 4. c3 Nf6 5. d4 exd4 6. cxd4 Bb4+ 7. Nc3 Nxe4 8.
O-O Nxc3 9. bxc3 Bxc3 10. Qb3 d5 11. Bxd5 Be6 12. Bxe6 fxe6 13. Qxc3 h6 14. Bb2
Qd7 15. Ne5 Nxe5 16. dxe5 O-O-O 17. Rfd1 Qxd1+ 18. Qe1 Qxe1+ 19. Rxe1 Rd7 20.
h3 Rd2 21. Rb1 Rf8 22. f3 Rfd8 23. Bc1 Rxa2 24. Kh2 Rd1 25. Kg3 Rc2 26. Ra1
Rcxc1 27. Rxa7 Ra1 28. Rxa1 Rxa1 29. Kh4 b5 30. f4 Ra4 31. Kg3 b4 32. f5 exf5
33. Kf4 b3+ 34. Kxf5 b2 35. e6 b1=Q+ 36. Ke5 Qe4# 0-1

[Event "DEM U10 2012"]
[Site "Oberhof GER"]
[Date "2012.05.28"]
[Round "4"]
[White "Huber, Benedikt"]
[Black "Gauchel, Verena"]
[Result "1-0"]
[Termination "normal"]
[Board "33"]
[WhiteElo "1121"]
[BlackElo "911"]
[PlyCount "119"]
[WhiteFideId "12923583"]
[BlackFideId "12988537"]
[EventCountry "GER"]
[EventRounds "11"]
[EventType "swiss"]
[EventDate "2012.05.26"]

1. d4 b6 2. Bf4 Bb7 3. e3 e6 4. Nf3 Nc6 5. c4 Nf6 6. Nc3 Bb4 7. Bd3 O-O 8. a3
Bxc3+ 9. bxc3 d5 10. h4 dxc4 11. Bxc4 Qe7 12. h5 Rad8 13. h6 g6 14. Bg5 e5 15.
Nh2 Bc8 16. Qe2 e4 17. Ba6 Bf5 18. Bb5 Rd6 19. Rd1 Qe6 20. Qd2 Ne5 21. Bxf6
Qxf6 22. dxe5 Qxe5 23. Qb2 Rfd8 24. Rxd6 Qxd6 25. O-O Qf8 26. Qb3 Qxh6 27. Bc4
Qg7 28. a4 Rd7 29. g4 Be6 30. Bxe6 fxe6 31. Qxe6+ Qf7 32. Qxf7+ Kxf7 33. Rc1
Kf6 34. Kf1 Ke5 35. Ke2 a6 36. Rd1 Rxd1 37. Kxd1 Kd5 38. Kc2 Kc4 39. g5 c6 40.
Ng4 a5 41. Nf6 b5 42. axb5 cxb5 43. Nxe4 a4 44. Nd2+ Kc5 45. Nb1 b4 46. cxb4+
Kxb4 47. Kb2 Kb5 48. Nc3+ Kb4 49. Nd5+ Kc4 50. Nf6 Kb4 51. Nxh7 a3+ 52. Ka1 Kb3
53. Nf8 Kc4 54. Nxg6 Kd5 55. Nf4+ Ke5 56. g6 Kf6 57. e4 Kg7 58. e5 Kf8 59. e6
Ke7 60. g7 1-0

[Event "DEM U10 2012"]
[Site "Oberhof GER"]
[Date "2012.05.28"]
[Round "4"]
[White "Schmidtmann, Samantha"]
[Black "Giss, Alexander"]
[Result "1-0"]
[Termination "normal"]
[Board "34"]
[WhiteElo "1109"]
[BlackElo "877"]
[PlyCount "71"]
[WhiteFideId "12956759"]
[BlackFideId "16260414"]
[EventCountry "GER"]
[EventRounds "11"]
[EventType "swiss"]
[EventDate "2012.05.26"]

1. e4 e5 2. Nf3 Nc6 3. Bc4 Bc5 4. c3 Nf6 5. d3 h6 6. Be3 Bb6 7. Nbd2 O-O 8. O-O
d6 9. d4 Bg4 10. Be2 Re8 11. d5 Nb8 12. Re1 Nbd7 13. Qc2 Bxf3 14. Bxf3 Nf8 15.
Nc4 Ng6 16. Nxb6 axb6 17. Qd2 Nh4 18. Kh1 g5 19. Qd3 Nh7 20. Rg1 Nf8 21. Be2
Nfg6 22. g3 Nf4 23. gxf4 exf4 24. Bxf4 Qf6 25. Bd2 Qxf2 26. Raf1 Qc5 27. b4
Qxg1+ 28. Rxg1 Rxa2 29. Be1 Ng6 30. Bh5 Ne5 31. Qf1 Ng4 32. Qxf7+ Kh8 33. Qxe8+
Kh7 34. Bg6+ Kg7 35. Qf7+ Kh8 36. Qh7# 1-0

[Event "DEM U10 2012"]
[Site "Oberhof GER"]
[Date "2012.05.28"]
[Round "4"]
[White "Silber, Fabian"]
[Black "Brehm, Mirja"]
[Result "0-1"]
[Termination "normal"]
[Board "35"]
[WhiteElo "838"]
[BlackElo "1097"]
[PlyCount "46"]
[WhiteFideId "12947288"]
[EventCountry "GER"]
[EventRounds "11"]
[EventType "swiss"]
[EventDate "2012.05.26"]

1. e4 e5 2. Nf3 Nc6 3. Bc4 Bc5 4. d3 h6 5. Nc3 Nf6 6. h3 d6 7. O-O Be6 8. Bb3
Qd7 9. Bxe6 Qxe6 10. Nb5 O-O-O 11. Qe1 a6 12. Nc3 Rhg8 13. Be3 Nd4 14. Nxd4
exd4 15. Bd2 dxc3 16. Bxc3 Rde8 17. b4 Bb6 18. Rb1 Qxa2 19. Ra1 Qe6 20. Kh1 Nh5
21. g4 Nf4 22. h4 Qxg4 23. Rg1 Qh3# 0-1

[Event "DEM U10 2012"]
[Site "Oberhof GER"]
[Date "2012.05.28"]
[Round "4"]
[White "Kurz, Annika"]
[Black "Schulze, Nick"]
[Result "0-1"]
[Termination "normal"]
[Board "36"]
[WhiteElo "881"]
[BlackElo "1072"]
[PlyCount "68"]
[BlackFideId "12971847"]
[EventCountry "GER"]
[EventRounds "11"]
[EventType "swiss"]
[EventDate "2012.05.26"]

1. e4 e5 2. Nf3 Nc6 3. d4 exd4 4. Bc4 d6 5. c3 Bg4 6. h3 Bh5 7. Qb3 Qd7 8. Ng5
Na5 9. Bxf7+ Bxf7 10. Qc2 O-O-O 11. b4 Nc4 12. Qe2 Nf6 13. Nd2 Nb6 14. e5 dxe5
15. Qxe5 Re8 16. Ne6 Rxe6 17. Qxe6 Qxe6+ 18. Kf1 Nc4 19. Nb3 Ne4 20. Nc5 Nxc5
21. bxc5 Bxc5 22. cxd4 Bxd4 23. Rb1 Qf5 24. f3 Qd3+ 25. Ke1 Re8+ 26. Be3 Qxb1+
27. Kf2 Bxe3+ 28. Ke2 Qxh1 29. Kd3 Qd1+ 30. Kc3 Qd2+ 31. Kb3 Na5+ 32. Ka4 Qxa2+
33. Kb4 Qc4+ 34. Ka3 Qb3# 0-1

[Event "DEM U10 2012"]
[Site "Oberhof GER"]
[Date "2012.05.28"]
[Round "4"]
[White "Kirsten, Annika"]
[Black "Schmiederer, Luisa"]
[Result "1-0"]
[Termination "normal"]
[Board "37"]
[WhiteElo "957"]
[BlackElo "850"]
[PlyCount "111"]
[WhiteFideId "12961124"]
[EventCountry "GER"]
[EventRounds "11"]
[EventType "swiss"]
[EventDate "2012.05.26"]

1. e4 e5 2. Nf3 Nc6 3. Bc4 Nf6 4. d3 Bc5 5. Bg5 d6 6. h3 h6 7. Bh4 g5 8. Bg3 g4
9. hxg4 Bxg4 10. Bh4 Nd4 11. Nc3 c6 12. Rg1 Bb4 13. Rh1 d5 14. exd5 cxd5 15.
Bxd5 Qd6 16. Bc4 e4 17. Bg5 exf3 18. g3 Qe5+ 19. Be3 O-O-O 20. Qd2 Ne2 21. Bxf7
Nxc3 22. d4 Qc7 23. Bf4 Qc6 24. Bxh6 Ncd5 25. c3 Nxc3 26. a3 Nce4 27. Qxb4 Nh5
28. Be3 Nhf6 29. Rg1 Bh5 30. Rc1 Nc3 31. Rxc3 Qxc3+ 32. Qxc3+ Kb8 33. Bf4+ Ka8
34. Bc7 Rc8 35. Be6 Ne4 36. Qc4 Nd6 37. Qc1 Nb5 38. Bxc8 Rxc8 39. Qg5 Nxc7 40.
Qxh5 Na6 41. Qxf3 Rc1+ 42. Ke2 Rxg1 43. g4 Rb1 44. b4 Rc1 45. b5 Nb8 46. g5 Rc7
47. Qf6 Rd7 48. Qd8 Rc7 49. Qf6 Nd7 50. Qd8+ Rc8 51. Qxc8+ Nb8 52. g6 a6 53. g7
Ka7 54. g8=Q Kb6 55. Qgd8+ Ka7 56. Qxb8# 1-0

[Event "DEM U10 2012"]
[Site "Oberhof GER"]
[Date "2012.05.28"]
[Round "4"]
[White "Demme, Miriam"]
[Black "Hasenburg, Juliana"]
[Result "1-0"]
[Termination "normal"]
[Board "38"]
[WhiteElo "1207"]
[BlackElo "776"]
[PlyCount "49"]
[WhiteFideId "12966703"]
[EventCountry "GER"]
[EventRounds "11"]
[EventType "swiss"]
[EventDate "2012.05.26"]

1. e4 e5 2. Nf3 Nc6 3. d4 f5 4. Bc4 d5 5. Bxd5 fxe4 6. Bxe4 Be7 7. O-O Nf6 8.
Bxc6+ bxc6 9. Nxe5 Bb7 10. c3 Qd5 11. c4 Qe4 12. Nc3 Qh4 13. c5 Bd6 14. cxd6
cxd6 15. Nf3 Qh5 16. Re1+ Kf8 17. Bf4 Rd8 18. Qe2 Qg4 19. Qe7+ Kg8 20. Qxd8+
Kf7 21. Qe7+ Kg8 22. Qxb7 Qxf4 23. Re7 h5 24. Rxg7+ Kf8 25. Qf7# 1-0

[Event "DEM U10 2012"]
[Site "Oberhof GER"]
[Date "2012.05.28"]
[Round "4"]
[White "Ewerhardy, Moritz"]
[Black "Baladjaev, Leyla"]
[Result "0-1"]
[Termination "normal"]
[Board "39"]
[WhiteElo "832"]
[BlackElo "1113"]
[PlyCount "74"]
[WhiteFideId "36052086"]
[BlackFideId "12960217"]
[EventCountry "GER"]
[EventRounds "11"]
[EventType "swiss"]
[EventDate "2012.05.26"]

1. d4 c6 2. Bf4 d6 3. e3 Nd7 4. Bd3 Qc7 5. Nd2 e5 6. Bg3 Ngf6 7. c3 Be7 8. Rc1
O-O 9. Ngf3 Nh5 10. Bb1 Nxg3 11. hxg3 Nf6 12. Qc2 g6 13. e4 Bd7 14. Ke2 Rfe8
15. Rh2 Ng4 16. Rhh1 Qb6 17. Nc4 Qa6 18. b3 Be6 19. Qd3 Bxc4 20. bxc4 Rad8 21.
Nd2 Bg5 22. Rcf1 Bxd2 23. Kxd2 c5 24. d5 Qb6 25. Ke1 Qb2 26. Rh4 Nf6 27. g4
Qc1+ 28. Ke2 Qg5 29. g3 Nd7 30. Rfh1 Nf8 31. Qf3 Rb8 32. Bc2 b5 33. cxb5 Rxb5
34. c4 Rb2 35. Rc1 Qxc1 36. Qg2 Qxc2+ 37. Kf1 Rb1# 0-1

[Event "DEM U10 2012"]
[Site "Oberhof GER"]
[Date "2012.05.28"]
[Round "4"]
[White "Grey, Andrea"]
[Black "Von Jan, Lena"]
[Result "1/2-1/2"]
[Termination "normal"]
[Board "40"]
[WhiteElo "855"]
[BlackElo "1003"]
[PlyCount "112"]
[WhiteFideId "12971880"]
[BlackFideId "12946060"]
[EventCountry "GER"]
[EventRounds "11"]
[EventType "swiss"]
[EventDate "2012.05.26"]

1. e4 e5 2. Nf3 Nc6 3. Nc3 Nf6 4. d4 exd4 5. Nxd4 Bc5 6. Be3 d5 7. Nxc6 bxc6 8.
Bxc5 Be6 9. exd5 Nxd5 10. Nxd5 Bxd5 11. f3 Be6 12. Qxd8+ Rxd8 13. Bd3 Rd5 14.
Bxa7 Re5+ 15. Be2 Bc4 16. O-O Rxe2 17. Rfe1 O-O 18. Rxe2 Bxe2 19. Re1 Bc4 20.
b3 Be6 21. a4 h6 22. a5 Ra8 23. Bc5 Rxa5 24. b4 Ra3 25. Rc1 Rc3 26. Bd4 Ra3 27.
Kf2 Ra4 28. Bc5 Ra2 29. Ke3 Bf5 30. Kd2 g6 31. Kc3 Kh7 32. g4 Be6 33. h4 Ra3+
34. Kb2 Rxf3 35. g5 Rh3 36. Bf2 hxg5 37. hxg5 Rf3 38. Be1 f6 39. gxf6 Rxf6 40.
Bc3 Rf5 41. Bd4 Bc4 42. Kc3 Rf1 43. Rxf1 Bxf1 44. Kd2 Kh6 45. Ke1 Ba6 46. Kf2
Kg5 47. Be3+ Kf5 48. Kg1 g5 49. Kh2 g4 50. Bf2 Ke6 51. Kg3 Bc8 52. Kxg4 Kd5+
53. Kf3 Kc4 54. Be1 Bb7 55. Ke3 c5 56. bxc5 Kxc5 1/2-1/2

[Event "DEM U10 2012"]
[Site "Oberhof GER"]
[Date "2012.05.28"]
[Round "4"]
[White "Wastian, Mareike"]
[Black "Bykov, Ilona"]
[Result "1-0"]
[Termination "normal"]
[Board "41"]
[WhiteElo "1174"]
[BlackElo "937"]
[PlyCount "163"]
[WhiteFideId "12947423"]
[BlackFideId "12964433"]
[EventCountry "GER"]
[EventRounds "11"]
[EventType "swiss"]
[EventDate "2012.05.26"]

1. e4 e5 2. Nf3 Nc6 3. Bb5 Nf6 4. O-O Nxe4 5. d4 a6 6. Bxc6 dxc6 7. dxe5 Bd7 8.
Be3 Nc5 9. Nc3 f6 10. exf6 Qxf6 11. Qd2 h6 12. Bd4 Qf7 13. Rfe1+ Be6 14. Qe3 b6
15. Bxc5 Bxc5 16. Qxe6+ Qxe6 17. Rxe6+ Kd7 18. Re4 Rad8 19. Rd1+ Bd6 20. Ne5+
Kc8 21. Nxc6 Rd7 22. Ne5 Re7 23. Nd3 Rd7 24. Rde1 Kd8 25. Kf1 b5 26. a3 c5 27.
Ne5 Rc7 28. Rf4 Kc8 29. Rf7 Bxe5 30. Rxc7+ Bxc7 31. Re6 b4 32. axb4 cxb4 33.
Nd5 Rd8 34. Nxb4 a5 35. Nd3 Kd7 36. Rg6 Rg8 37. Nc5+ Ke7 38. h3 Kf7 39. Rc6 Be5
40. c3 Rd8 41. Ke2 Rd5 42. Nd3 Bd6 43. Ra6 Ke6 44. Nf4+ Ke5 45. Nxd5 Kxd5 46.
Rxa5+ Ke4 47. Ra6 Be5 48. c4 Bxb2 49. c5 Kd5 50. c6 Kd6 51. Kd3 Kc7 52. Kc4 g5
53. Kb5 Bd4 54. Ra4 Bxf2 55. Re4 Bg3 56. Re7+ Kd8 57. Rd7+ Kc8 58. Kb6 Bf2+ 59.
Ka6 Bg3 60. Kb5 Kb8 61. Kc4 Kc8 62. Kd5 h5 63. Ke6 g4 64. hxg4 hxg4 65. Rd3 Bh4
66. Kd6 Bg5 67. Rd4 Bh4 68. Rxg4 Bf6 69. Rg6 Bh4 70. g3 Bxg3+ 71. Kc5 Bf2+ 72.
Kb5 Kc7 73. Rg7+ Kc8 74. c7 Bb6 75. Kc6 Bxc7 76. Rxc7+ Kd8 77. Kd6 Ke8 78. Ra7
Kf8 79. Ke6 Kg8 80. Kf6 Kh8 81. Kg6 Kg8 82. Ra8# 1-0

[Event "DEM U10 2012"]
[Site "Oberhof GER"]
[Date "2012.05.28"]
[Round "4"]
[White "Bierfreund, Trine"]
[Black "Schönweiler, Elisabeth"]
[Result "1/2-1/2"]
[Termination "normal"]
[Board "42"]
[WhiteElo "1083"]
[BlackElo "832"]
[PlyCount "68"]
[WhiteFideId "12957372"]
[BlackFideId "12997005"]
[EventCountry "GER"]
[EventRounds "11"]
[EventType "swiss"]
[EventDate "2012.05.26"]

1. d4 d5 2. c4 e6 3. Nc3 Nf6 4. e3 Nc6 5. Bd3 Bd7 6. f4 Be7 7. Nf3 O-O 8. O-O
Re8 9. a3 a5 10. Bd2 b6 11. Ne5 Rb8 12. Rc1 Rf8 13. cxd5 exd5 14. Nxd5 Nxd5 15.
Nxc6 Bxc6 16. Rxc6 Nf6 17. Qc1 Rc8 18. Bf5 Rb8 19. Rxc7 Bd6 20. Rc2 Rb7 21. Rc8
Qe7 22. Rxf8+ Qxf8 23. Qc8 Qxc8 24. Bxc8 Rb8 25. Bf5 g6 26. Bd3 Kf8 27. e4 Nd7
28. Bc3 Ke7 29. d5 Bc5+ 30. Kh1 Nf6 31. e5 Ng4 32. Be2 Nf2+ 33. Kg1 Ng4+ 34.
Kh1 Nf2+ 1/2-1/2

[Event "DEM U10 2012"]
[Site "Oberhof GER"]
[Date "2012.05.28"]
[Round "4"]
[White "Weiten, Teresa"]
[Black "Leib, Amina"]
[Result "1-0"]
[Termination "normal"]
[Board "44"]
[WhiteElo "834"]
[BlackElo "754"]
[PlyCount "77"]
[WhiteFideId "12971944"]
[BlackFideId "12982970"]
[EventCountry "GER"]
[EventRounds "11"]
[EventType "swiss"]
[EventDate "2012.05.26"]

1. e4 e5 2. Nf3 Nc6 3. Nc3 Bc5 4. Nxe5 Nxe5 5. d4 Bxd4 6. Qxd4 d6 7. Bf4 Qe7 8.
Nd5 Qd7 9. Be2 f6 10. O-O b6 11. Bb5 Nc6 12. Rfe1 Nxd4 13. Bxd7+ Kxd7 14. Rad1
Nxc2 15. Re2 Na1 16. Rxa1 Ba6 17. Rc2 c6 18. Nb4 Bb5 19. Rd1 Rc8 20. Rxd6+ Ke7
21. Rcd2 c5 22. Nd5+ Ke8 23. Nc7+ Rxc7 24. Rd8+ Ke7 25. Bxc7 Bc6 26. Rd1 Bxe4
27. R1d7+ Ke6 28. g4 Bc6 29. Rd6+ Ke7 30. Rxc6 Nh6 31. Rxh8 Kd7 32. Rd6+ Kxc7
33. Rhd8 Nf7 34. R8d7+ Kc8 35. Rxf7 c4 36. Rxg7 b5 37. Rxh7 b4 38. Rxf6 a5 39.
Rf8# 1-0

[Event "DEM U10 2012"]
[Site "Oberhof GER"]
[Date "2012.05.29"]
[Round "5"]
[White "Rockmann, Jan-Okke"]
[Black "Wong, Gengchun"]
[Result "1-0"]
[Termination "normal"]
[Board "1"]
[WhiteElo "1767"]
[BlackElo "1511"]
[PlyCount "137"]
[WhiteFideId "12942111"]
[BlackFideId "12963283"]
[EventCountry "GER"]
[EventRounds "11"]
[EventType "swiss"]
[EventDate "2012.05.26"]

1. e4 c5 2. Nf3 d6 3. c3 Nf6 4. e5 dxe5 5. Nxe5 Nbd7 6. Bb5 a6 7. Bxd7+ Nxd7 8.
Nf3 e6 9. O-O Be7 10. d4 cxd4 11. Nxd4 O-O 12. Nd2 Qc7 13. Re1 b5 14. Nf1 Bb7
15. Be3 Rfd8 16. Qc2 Rac8 17. Qe2 Nb6 18. Rad1 Nc4 19. Bc1 Bf6 20. Nc2 Qc6 21.
f3 h5 22. Ng3 h4 23. Ne4 Be7 24. Nd4 Qb6 25. Be3 Bxe4 26. fxe4 Bc5 27. Bf2 e5
28. Nf5 Kf8 29. Bxc5+ Qxc5+ 30. Kh1 h3 31. Qh5 hxg2+ 32. Kxg2 Kg8 33. Qg5 g6
34. Rxd8+ Rxd8 35. Qxd8+ Kh7 36. Qe7 Qxe7 37. Nxe7 Nxb2 38. Nd5 Na4 39. Re3 Kg7
40. Nc7 Nc5 41. Kf3 Kf6 42. Re2 Ke7 43. Rc2 Kd7 44. Nd5 Kd6 45. c4 f5 46. exf5
gxf5 47. Ne3 f4 48. Rd2+ Ke6 49. Rd5 Nd7 50. Nf5 Nf6 51. Nd4+ exd4 52. Rxd4
bxc4 53. Rxc4 Nd5 54. Rc6+ Ke5 55. Rxa6 Nb4 56. Ra5+ Kd6 57. Kxf4 Nd5+ 58.
Rxd5+ Kxd5 59. h4 Ke6 60. a4 Kf6 61. h5 Kg7 62. Kg5 Kh7 63. a5 Kh8 64. a6 Kh7
65. a7 Kg7 66. a8=Q Kh7 67. Qc6 Kh8 68. Kg6 Kg8 69. Qa8# 1-0

[Event "DEM U10 2012"]
[Site "Oberhof GER"]
[Date "2012.05.29"]
[Round "5"]
[White "Biastoch, Bennet"]
[Black "Mätzkow, Maximilian Paul"]
[Result "0-1"]
[Termination "normal"]
[Board "2"]
[WhiteElo "1488"]
[BlackElo "1685"]
[PlyCount "80"]
[WhiteFideId "12939889"]
[BlackFideId "24679933"]
[EventCountry "GER"]
[EventRounds "11"]
[EventType "swiss"]
[EventDate "2012.05.26"]

1. e4 c5 2. Nf3 g6 3. d4 cxd4 4. Nxd4 Bg7 5. Nc3 Nc6 6. Be3 Nf6 7. Bc4 O-O 8.
Bb3 Qa5 9. O-O d6 10. h3 Bd7 11. f4 a6 12. a3 b5 13. Kh2 Qc7 14. Rc1 Na5 15.
Nd5 Nxd5 16. exd5 Qb7 17. Qf3 Rac8 18. Rcd1 Nc4 19. Bxc4 Rxc4 20. Rf2 b4 21. b3
Rc3 22. axb4 Qxb4 23. Qe2 Qb7 24. Nf3 Rfc8 25. Bc1 Rxc2 26. Qxc2 Rxc2 27. Rxc2
Qxb3 28. Rcd2 Bc3 29. Rd3 Bb5 30. Nd4 Qc4 31. Ne2 Bf6 32. Ba3 Qe4 33. Ng3 Qa4
34. Bc1 Bxd3 35. Rxd3 Qc2 36. Ra3 Qxc1 37. Rxa6 Qxf4 38. Ra3 h5 39. Kg1 Bd4+
40. Kh2 h4 0-1

[Event "DEM U10 2012"]
[Site "Oberhof GER"]
[Date "2012.05.29"]
[Round "5"]
[White "Wierzbicki, Jirawat"]
[Black "Mantel, Ruben"]
[Result "1/2-1/2"]
[Termination "normal"]
[Board "3"]
[WhiteElo "1541"]
[BlackElo "1539"]
[PlyCount "42"]
[WhiteFideId "1153579"]
[BlackFideId "12930121"]
[EventCountry "GER"]
[EventRounds "11"]
[EventType "swiss"]
[EventDate "2012.05.26"]

1. e4 e6 2. d4 d5 3. Nc3 dxe4 4. Nxe4 Nd7 5. Bd3 Ngf6 6. Qf3 Be7 7. Ne2 O-O 8.
O-O c5 9. dxc5 Nxc5 10. Nxc5 Bxc5 11. Bg5 Be7 12. Rad1 Qc7 13. Ng3 Nd5 14. Ne4
Bd7 15. Bxe7 Nxe7 16. Ng5 h6 17. Ne4 Bc6 18. Qe2 Nd5 19. g3 Rad8 20. c3 b6 21.
Bb5 Bxb5 1/2-1/2

[Event "DEM U10 2012"]
[Site "Oberhof GER"]
[Date "2012.05.29"]
[Round "5"]
[White "Niemann, Alexander"]
[Black "Renger, Niklas"]
[Result "1-0"]
[Termination "normal"]
[Board "4"]
[WhiteElo "1403"]
[BlackElo "1622"]
[PlyCount "89"]
[WhiteFideId "12939862"]
[BlackFideId "12908096"]
[EventCountry "GER"]
[EventRounds "11"]
[EventType "swiss"]
[EventDate "2012.05.26"]

1. e4 c5 2. Nf3 d6 3. d4 cxd4 4. Nxd4 Nf6 5. Nc3 g6 6. Be3 Bg7 7. f3 O-O 8. Qd2
Nc6 9. O-O-O d5 10. Kb1 Nxd4 11. e5 Nc6 12. exf6 Bxf6 13. Nxd5 Bg7 14. Bb5 Be6
15. Nf4 Qxd2 16. Rxd2 Bc8 17. h4 Ne5 18. Nd5 b6 19. Nxe7+ Kh8 20. h5 a6 21. Bd3
Re8 22. Nd5 Nxd3 23. Rxd3 Bf5 24. h6 Be5 25. Rb3 Be6 26. Nxb6 Bxb3 27. Nxa8
Bxc2+ 28. Kxc2 Rxa8 29. b3 Kg8 30. Re1 Rc8+ 31. Kd3 f6 32. Re2 Rc3+ 33. Kd2 Rc8
34. Kd3 Rc3+ 35. Ke4 Rc7 36. Bd4 f5+ 37. Kd3 Bf4 38. Re8+ Kf7 39. Ra8 Bxh6 40.
Rxa6 Rd7 41. Kc4 Bf8 42. a4 g5 43. Rf6+ Ke7 44. Rxf5 h6 45. Bc5+ 1-0